Statistics for All Mario Kart Characters

Click here to take the quiz!

General Stats

  • This quiz has been taken 247 times
    (31 since last reset)
  • The average score is 145 of 230

Answer Stats

GameCharacter% Correct
Mario Kart 64 | Mario Kart 7 | Mario Kart 8 | +6 othersMario
94%
Mario Kart 64 | Mario Kart 7 | Mario Kart 8 | +6 othersLuigi
88%
Mario Kart 64 | Mario Kart 7 | Mario Kart 8 | +6 othersPeach
88%
Mario Kart 64 | Mario Kart 7 | Mario Kart 8 | +6 othersToad
88%
Mario Kart 7 | Mario Kart 8 | Mario Kart 8 Deluxe | +3 othersDaisy
81%
Mario Kart 64 | Mario Kart 7 | Mario Kart 8 | +5 othersDonkey Kong
81%
Mario Kart 7 | Mario Kart 8 | Mario Kart 8 Deluxe | +3 othersKoopa Troopa
81%
Mario Kart 8 | Mario Kart 8 Deluxe | Mario Kart Wii | Mario Kart: Double Dash!!Baby Mario
75%
Mario Kart 8 | Mario Kart 8 DeluxeBlack Yoshi
75%
Mario Kart 8 | Mario Kart 8 DeluxeBlue Yoshi
75%
Mario Kart 64 | Mario Kart 7 | Mario Kart 8 | +6 othersBowser
75%
Mario Kart 8 | Mario Kart 8 Deluxe | Mario Kart: Super CircuitLight Blue Yoshi
75%
Mario Kart 8 | Mario Kart 8 DeluxeOrange Yoshi
75%
Mario Kart 8 | Mario Kart 8 DeluxePink Yoshi
75%
Mario Kart 8 | Mario Kart 8 Deluxe | Mario Kart: Super CircuitRed Yoshi
75%
Mario Kart 8 | Mario Kart 8 DeluxeWhite Yoshi
75%
Mario Kart 8 | Mario Kart 8 Deluxe | Mario Kart: Super CircuitYellow Yoshi
75%
Mario Kart 64 | Mario Kart 7 | Mario Kart 8 | +6 othersYoshi
75%
Mario Kart Wii | Mario Kart: Double Dash!!Diddy Kong
69%
Mario Kart 8 | Mario Kart 8 Deluxe | Mario Kart WiiBaby Daisy
63%
Mario Kart 8 | Mario Kart 8 Deluxe | Mario Kart Wii | Mario Kart: Double Dash!!Baby Luigi
63%
Mario Kart Wii | Mario Kart 8 | Mario Kart 8 DeluxeBaby Peach
63%
Mario Kart WiiFunky Kong
63%
Mario Kart 8 | Mario Kart 8 DeluxeLink
63%
Mario Kart 64 | Mario Kart 7 | Mario Kart 8 | +5 othersWario
63%
Mario Kart 8 | Mario Kart 8 Deluxe | Mario Kart DSBlack Shy Guy
56%
Mario Kart 8 | Mario Kart 8 Deluxe | Mario Kart DSBlue Shy Guy
56%
Mario Kart 8 | Mario Kart 8 Deluxe | Mario Kart DSGreen Shy Guy
56%
Mario Kart 8 | Mario Kart 8 DeluxeIggy
56%
Mario Kart 8 | Mario Kart 8 Deluxe | Mario Kart DSLight Blue Shy Guy
56%
Mario Kart 8 | Mario Kart 8 DeluxeOrange Shy Guy
56%
Mario Kart 8 | Mario Kart 8 Deluxe | Mario Kart DSPink Shy Guy
56%
Mario Kart 7 | Mario Kart 8 | Mario Kart 8 Deluxe | Mario Kart WiiRosalina
56%
Mario Kart 7 | Mario Kart 8 | Mario Kart 8 Deluxe | Mario Kart DSShy Guy
56%
Mario Kart DSShy Guy (No Textured)
56%
Mario Kart 8 | Mario Kart 8 Deluxe | Mario Kart DS | +2 othersWaluigi
56%
Mario Kart 8 | Mario Kart 8 Deluxe | Mario Kart DSWhite Shy Guy
56%
Mario Kart 8 | Mario Kart 8 Deluxe | Mario Kart DSYellow Shy Guy
56%
Mario Kart 8 | Mario Kart 8 DeluxeBaby Rosalina
50%
Mario Kart 8 Deluxe | Mario Kart Wii | Mario Kart: Double Dash!!Birdo
50%
Mario Kart 8 Deluxe | Mario Kart Wii | Mario Kart: Double Dash!!Bowser Jr.
50%
Mario Kart 8 Deluxe | Mario Kart DS | Mario Kart WiiDry Bones
50%
Mario Kart 8 | Mario Kart 8 Deluxe | Mario Kart WiiDry Bowser
50%
Mario Kart 8 DeluxeInkling Boy
50%
Mario Kart 8 DeluxeInkling Girl
50%
Mario Kart 8 Deluxe | Mario Kart Wii | Mario Kart: Double Dash!!King Boo
50%
Mario Kart 7 | Mario Kart 8 | Mario Kart 8 Deluxe | Mario Kart WiiMii
50%
Mario Kart 8 | Mario Kart 8 DeluxeRoy
50%
Mario Kart 8 | Mario Kart 8 Deluxe | Mario Kart Wii | Mario Kart: Double Dash!!Toadette
50%
Mario Kart 8 | Mario Kart 8 DeluxeWendy
50%
Mario Kart 7 | Mario Kart 8 DeluxeWiggler
50%
Super Mario KartDonkey Kong Jr.
44%
Mario Kart 8 | Mario Kart 8 DeluxeLemmy
44%
Mario Kart 8 | Mario Kart 8 DeluxeLudwig
44%
Mario Kart 8 | Mario Kart 8 DeluxeMorton
44%
Mario Kart 8 DeluxePauline
44%
Mario Kart 8 Deluxe | Mario Kart: Double Dash!!Petey Piranha
44%
Mario Kart 8 | Mario Kart 8 DeluxePink Gold Peach
44%
Mario Kart 8 DeluxeGold Mario
38%
Mario Kart 7 | Mario Kart 8 | Mario Kart 8 DeluxeLakitu
38%
Mario Kart 8 | Mario Kart 8 DeluxeLarry
38%
Mario Kart 8 | Mario Kart 8 DeluxeCat Peach
31%
Mario Kart 8 DeluxeKamek
31%
Mario Kart: Double Dash!!Paratroopa
31%
Mario Kart 8 | Mario Kart 8 DeluxeTanooki Mario
31%
Mario Kart 8Villager Boy
31%
Mario Kart 8 DeluxeVillager (Boy)
31%
Mario Kart 8 DeluxeVillager (Girl)
31%
Mario Kart 8Villager Girl
31%
Mario Kart 8 | Mario Kart 8 DeluxeIsabelle
25%
Mario Kart 7 | Mario Kart 8 | Mario Kart 8 DeluxeMetal Mario
25%
Mario Kart DSR.O.B.
25%
Mario Kart 8 DeluxeFunky Kong
19%
Mario Kart 7Honey Queen
19%
Mario Kart 8 DeluxePeachette
19%
Mario Kart 8 DeluxeDiddy Kong
0%

Score Distribution

Percentile by Number Answered

Percent of People with Each Score

Your Score History

You have not taken this quiz since the last reset